Catálogo
 En Linea

Banquero joven popular : (Registro nro. 49783)

Detalles MARC
000 -CABECERA
campo de control de longitud fija 01300nam a2200265 i 4500
003 - IDENTIFICADOR DEL NÚMERO DE CONTROL
campo de control DO-SdBNP
005 - FECHA Y HORA DE LA ÚLTIMA TRANSACCIÓN
campo de control 20251118113753.0
007 - CAMPO FIJO DE DESCRIPCIÓN FÍSICA--INFORMACIÓN GENERAL
campo de control de longitud fija ta
008 - DATOS DE LONGITUD FIJA--INFORMACIÓN GENERAL
campo de control de longitud fija 210426b200- dr a|||| |||| 00| 0 spa d
040 #4 - FUENTE DE LA CATALOGACIÓN
Centro catalogador/agencia de origen DO-SdBNP
Lengua de catalogación spa
Centro/agencia transcriptor BNPHU
Normas de descripción rda
082 #4 - NÚMERO DE LA CLASIFICACIÓN DECIMAL DEWEY
Número de clasificación 332.123
Número de documento/Ítem B213b
Número de edición 22
110 2# - ENTRADA PRINCIPAL--NOMBRE DE ENTIDAD CORPORATIVA
Nombre de entidad corporativa o nombre de jurisdicción como elemento de entrada Banco Popular Dominicano
9 (RLIN) 6892
245 ## - MENCIÓN DE TÍTULO
Título Banquero joven popular :
Resto del título manual de uso del estudiante /
Mención de responsabilidad, etc. Banco Popular Dominicano
264 ## - PRODUCCIÓN, PUBLICACIÓN, DISTRIBUCIÓN, FABRICACIÓN Y COPYRIGHT
Producción, publicación, distribución, fabricación y copyright s.l. :
Nombre del de productor, editor, distribuidor, fabricante Popular,
Fecha de producción, publicación, distribución, fabricación o copyright 200-.
300 ## - DESCRIPCIÓN FÍSICA
Extensión 27 páginas :
Otras características físicas ilustraciones,
Dimensiones 29 cm.
336 ## - TIPO DE CONTENIDO
Fuente rdacontent
Término de tipo de contenido texto
Código de tipo de contenido txt
337 ## - TIPO DE MEDIO
Fuente rdamedia
Nombre/término del tipo de medio sin mediación
Código del tipo de medio n
338 ## - TIPO DE SOPORTE
Fuente rdacarrier
Nombre/término del tipo de soporte volumen
Código del tipo de soporte nc
505 ## - NOTA DE CONTENIDO CON FORMATO
Nota de contenido con formato Contenido
Título Reseña del Banco Popular --
-- Reseña de Junior Achievement --
-- Las finanzas personales --
-- Gasto y Presupuesto ( activos y posivos) --
-- Ahorro (¿Cómo crece el dinero?) --
-- Inversión --
-- Plan de retiro AFP Popular --
-- ¿Qué es el programa Banquero Joven Popular? --
-- La actividad bancaria --
-- Las desiciones --
-- El informe --
-- La dinámica --
-- Logística de implementación del programa en los centros educativos --
-- Detalles del programa --
-- ¿Cómo funciona un banco.
590 ## - NOTA LOCAL (RLIN)
Nota local Inventariado, 2021 / SA
650 #7 - PUNTO DE ACCESO ADICIONAL DE MATERIA--TÉRMINO DE MATERIA
Término de materia o nombre geográfico como elemento de entrada Bancos
9 (RLIN) 7047
650 #7 - PUNTO DE ACCESO ADICIONAL DE MATERIA--TÉRMINO DE MATERIA
Término de materia o nombre geográfico como elemento de entrada Bancos
9 (RLIN) 7047
Subdivisión geográfica República Dominicana
Subdivisión general Historia
910 ## - DATOS DE OPCIÓN DEL USUARIO (OCLC)
Datos de opción del usuario Btavárez
942 ## - ELEMENTOS DE PUNTO DE ACCESO ADICIONAL (KOHA)
Fuente del sistema de clasificación o colocación Dewey Decimal Classification
Tipo de ítem Koha Folleto
Existencias
Estado de retiro Estado de pérdida Fuente del sistema de clasificación o colocación Restricciones de uso No para préstamo Código de colección Localización permanente Ubicación/localización actual Ubicación en estantería Fecha de adquisición Fuente de adquisición Signatura topográfica completa Código de barras Fecha visto por última vez Precio válido a partir de Tipo de ítem Koha
    Dewey Decimal Classification Excluido de préstamo   Patrimonio Dominicano Biblioteca Nacional Pedro Henríquez Ureña Biblioteca Nacional Pedro Henríquez Ureña En catalogación 26.04.2021 Deposito Legal BNPHU PD 332.123 B213b 2021-1589 26.04.2021 26.04.2021 Folleto

Con tecnología Koha